| 000 | 00585nam a2200181 a 4500 | ||
|---|---|---|---|
| 001 | 000039844 | ||
| 005 | 20201002033751.0 | ||
| 008 | 130725s1950 sp 000 0 spa d | ||
| 040 |
_aDO-SdBNP _bspa _cBNPHU |
||
| 082 | _axxx | ||
| 100 | 1 |
_aDarío, Rubén, _d1867-1916 _915535 |
|
| 245 | 1 | 0 |
_aObras completas / _cRubén Darío. |
| 260 |
_aMadrid : _bAfrodisio aguado, _c1950-. |
||
| 300 |
_av. ; _c16 cm. |
||
| 490 | 1 | _aParadilla del alcor | |
| 505 | 0 |
_gv.2: _tSemblanzas -- _gv.3: _tViajes y crónicas -- _gv.4: _tCuentos y novelas -- _gv.5: _tPoesía. |
|
| 830 | 0 |
_aParadilla del alcor _966035 |
|
| 999 |
_c39334 _d39334 |
||